| 000 | 00548nam a22001577a 4500 | ||
|---|---|---|---|
| 999 |
_c14035 _d14035 |
||
| 008 | 160926b xxu||||| |||| 00| 0 eng d | ||
| 020 | _a0072976217 | ||
| 050 |
_aQA 276.12 _b .B585 2006 |
||
| 100 | _aBlueman, Allan G. | ||
| 245 |
_aElementary statistics: _ba brief verson / _cAllan G. Blueman. |
||
| 250 | _a3rd ed. | ||
| 260 |
_aBoston: _bMcgraw hill, _c2006. |
||
| 300 |
_axxvii,660p.: _bill.(chiefly col.); _c25cm |
||
| 500 | _aIncludes bibliographical references and index. | ||
| 650 | _aStatistics. | ||
| 942 |
_2lcc _cBOOKS _hQA 276.12 .B585 2006 _01 |
||